| 000 | 00420pab a2200157 454500 | ||
|---|---|---|---|
| 008 | 180718b2017 xxu||||| |||| 00| 0 eng d | ||
| 100 | _aDesai, Mihir | ||
| 245 | _aA safe judgement: religious rather than constitutional test | ||
| 260 | _c2017 | ||
| 300 | _ap.12-16. | ||
| 362 | _a9 Sep | ||
| 650 | _aMuslim women | ||
| 650 | _aFamily disorganization | ||
| 773 | _aEconomic and Political Weekly | ||
| 909 | _a116011 | ||
| 999 |
_c116005 _d116005 |
||